Statistiques concernant Les personnages de Ric Hochet

Cliquez ici pour prendre le quiz!

Statistiques générales

  • Ce quiz a été pris 26 fois
  • Le résultat moyen est 7 sur 10

Statistiques - réponses

HintRéponse% Correct
Bonsoir de bonsoir - Pipe - SigismondBourdon
100%
Nièce - Curieuse - EnquêtriceNadine
93%
Journaliste - Ami du héros - Abonné aux enlèvementsBob Drumont
80%
Ennemi - Laid - Surnommé BBourreau
80%
Félin - Ric Hochet - Noir et blancNanar
80%
Journaliste - Veste blanche - RouxRic Hochet
73%
Policier - Adjoint - Père de Jean-PierreLedru
67%
Gentleman-cambrioleur - Père - En cavaleRichard Hochet
67%
Caméléon - Policier - Fils de VolcanManière
47%
Scientifique - Bougon - Cheveux blancsLucien Hermelin
40%

Distribution des résultats

Percentile par nombre de réponses

% des personnes avec chaque résultat

Votre développement - résultats

Vous n’avez pas pris ce quiz